MARC

Tag First Indicator Second Indicator Subfields
LEADER 00000cam a2200000 a 4500
001 in00005702621
005 20260318173230.8
006 m o d
007 cr cn|||||||||
008 990204s2001 enkab ob 001 0 eng
010 |z  99018433  
040 |a Nz  |b eng  |e pn  |c UV0  |d OCLCQ  |d N$T  |d YDXCP  |d OCLCQ  |d MERUC  |d CCO  |d E7B  |d OCLCQ  |d OCLCF  |d OCLCO  |d OCLCQ  |d EBLCP  |d OCLCQ  |d CNCGM  |d UBY  |d OCLCQ  |d AZK  |d DKDLA  |d LOA  |d CNNOR  |d OCLCQ  |d STBDS  |d MOR  |d PIFBR  |d FIE  |d ZCU  |d OCLCQ  |d U3W  |d STF  |d BRL  |d WRM  |d NRAMU  |d ICG  |d INT  |d VT2  |d OCLCQ  |d WYU  |d OCLCQ  |d A6Q  |d DKC  |d OCLCQ  |d UKCRE  |d OCLCO  |d OCLCQ  |d SFB  |d OCLCQ  |d BRX  |d OCLCQ  |d OCLCO  |d OCLCL  |d OCLCQ  |d UIU  |d INARC  |d CLOUD  |d OCLCA 
015 |a GB99U9893  |2 bnb 
019 |a 71439709  |a 144217393  |a 228143487  |a 560174030  |a 605752011  |a 647579446  |a 722510190  |a 728046346  |a 961662339  |a 962572558  |a 964663050  |a 966250187  |a 967256629  |a 988442025  |a 992093902  |a 1035697152  |a 1037403955  |a 1037931272  |a 1038618839  |a 1045519005  |a 1055336648  |a 1065094918  |a 1081265525  |a 1083554785  |a 1153545806  |a 1228585535  |a 1514750949 
020 |a 9781429402200  |q (electronic bk.) 
020 |a 1429402202  |q (electronic bk.) 
020 |a 9780199832927  |q (ebook) 
020 |a 0199832927  |q (ebook) 
020 |z 9780195125788 
020 |z 0195125789  |q (alk. paper) 
035 |a (OCoLC)228143486  |z (OCoLC)71439709  |z (OCoLC)144217393  |z (OCoLC)228143487  |z (OCoLC)560174030  |z (OCoLC)605752011  |z (OCoLC)647579446  |z (OCoLC)722510190  |z (OCoLC)728046346  |z (OCoLC)961662339  |z (OCoLC)962572558  |z (OCoLC)964663050  |z (OCoLC)966250187  |z (OCoLC)967256629  |z (OCoLC)988442025  |z (OCoLC)992093902  |z (OCoLC)1035697152  |z (OCoLC)1037403955  |z (OCoLC)1037931272  |z (OCoLC)1038618839  |z (OCoLC)1045519005  |z (OCoLC)1055336648  |z (OCoLC)1065094918  |z (OCoLC)1081265525  |z (OCoLC)1083554785  |z (OCoLC)1153545806  |z (OCoLC)1228585535  |z (OCoLC)1514750949 
043 |a w------ 
050 4 |a SD247  |b .F66 2001eb 
072 7 |a SCI  |x 088000  |2 bisacsh 
072 7 |a NAT  |x 037000  |2 bisacsh 
082 0 4 |a 333.95/16/0913  |2 21 
049 |a TXAM 
245 0 0 |a Footprints in the jungle :  |b natural resource industries, infrastructure, and biodiversity conservation /  |c edited by Ian A. Bowles, Glenn T. Prickett ; assistant editor, Amy E. Skoczlas. 
260 |a Oxford ;  |a New York :  |b Oxford University Press,  |c 2001. 
300 |a 1 online resource (xix, 332 pages) :  |b illustrations, maps 
336 |a text  |b txt  |2 rdacontent 
337 |a computer  |b c  |2 rdamedia 
338 |a online resource  |b cr  |2 rdacarrier 
347 |a data file  |2 rda 
504 |a Includes bibliographical references and index. 
505 0 0 |g Introducton,  |t Growing footprint : resource extraction investments expand further into the humid tropics /  |r Ian A. Bowles, Glenn T. Prickett --  |t Biodiversity conservation : global priorities, trends, and the outlook for the future /  |r Russell A. Mittermeier, William R. Konstant --  |t Private-sector participation in infrastructure development /  |r Everett J. Santos --  |t Partner or pariah : public perceptions and responses to the extractive industries /  |r Lisa Jordan, Christopher H. Chamberlain --  |t Reinventing the well : approaches to minimizing the environmental and social impact of oil development in the tropics /  |r Amy B. Rosenfield, Debra Gordon, Marianne Guerin-McManus --  |t Industry perspective on environmental and social issues in oil and gas development : case studies from Indonesia and Ecuador /  |r Robert Kratsas, Jennifer A. Parnell. 
505 0 0 |t Monitoring impacts of hydrocarbon exploration in sensitive terrestrial ecosystems : perspectives from Block 78, Peru /  |r Jorgen B. Thomsen [and others] --  |t Trade, transnationals, and tropical deforestation /  |r Nigel Sizer --  |t Aracruz Celulose : a case history /  |r Erling Lorentzen --  |t Stewardship of Mexico's community forests : expanding market and policy opportunities for conservation and rural development /  |r Justin R. Ward, Yurij Bihun --  |t Options for conserving biodiversity in the context of logging in tropical forests /  |r Richard Rice [and others] --  |t Biodiversity conservation, minerals extraction, and development : toward a realistic partnership /  |r Alyson Warhurst, Kevin Franklin --  |t Mining industry responses to environmental and social issues /  |r Gary Nash --  |t Evolution of environmental practice during exploration at the Camp Caiman gold project in French Guiana /  |r Frederick T. Graybeal --  |t Conservation and concession contracts : environmental issues in mineral extraction agreements /  |r David N. Smith, Cyril Kormos --  |t Rethinking infrastructure : approaches to managing development on the national and continental scale to reduce conservation impacts /  |r Eliezer Batista da Silva, Gustavo A.B. da Fonseca, Amy B. Rosenfeld --  |t Environmental and social considerations in the development of the Greater Mekong Subregion's road network /  |r Robert J. Dobias, Kirk Talbott. 
505 0 0 |t Roads and tropical forests : from white lines to white elephants /  |r John Reid --  |t Cóndor : better decisionmaking on infrastructure projects /  |r Silvio Olivieri, Claudia Martinez --  |g Conclusion,  |t Leave more than footprints : the new corporate responsibility /  |r Glenn T. Prickett, Ian A. Bowles. 
588 0 |a Print version record. 
520 8 |a Development in the tropics is important economically for developing and industrialised nations. This text looks at approaches that attempt to minimise the impact of development. 
650 0 |a Forest management  |z Tropics. 
650 0 |a Forest products industry  |x Environmental aspects  |z Tropics. 
650 0 |a Economic development  |x Environmental aspects  |z Tropics. 
650 0 |a Forest biodiversity conservation  |z Tropics. 
650 0 |a Rain forest conservation. 
650 0 |a Rain forest ecology. 
650 6 |a Forêts  |x Gestion  |z Régions tropicales. 
650 6 |a Développement économique  |x Aspect de l'environnement  |z Régions tropicales. 
650 6 |a Biodiversité forestière  |x Conservation  |z Régions tropicales. 
650 6 |a Forêts pluviales  |x Conservation. 
650 6 |a Écologie des forêts pluviales. 
650 7 |a SCIENCE  |x Life Sciences  |x Biological Diversity.  |2 bisacsh 
650 7 |a NATURE  |x Animals  |x Wildlife.  |2 bisacsh 
650 7 |a Economic development  |x Environmental aspects  |2 fast 
650 7 |a Forest biodiversity conservation  |2 fast 
650 7 |a Forest management  |2 fast 
650 7 |a Forest products industry  |x Environmental aspects  |2 fast 
650 7 |a Rain forest conservation  |2 fast 
650 7 |a Rain forest ecology  |2 fast 
651 7 |a Tropics  |2 fast 
650 7 |a Tropischer Regenwald  |2 gnd 
650 7 |a Natürliche Ressourcen  |2 gnd 
650 7 |a Nutzung  |2 gnd 
650 7 |a Industrie  |2 gnd 
650 7 |a Infrastruktur  |2 gnd 
650 7 |a Biodiversität  |2 gnd 
650 7 |a Naturschutz  |2 gnd 
650 7 |a Aufsatzsammlung  |2 gnd 
650 7 |a Nachhaltigkeit  |2 gnd 
650 7 |a Umweltverträglichkeit  |2 gnd 
655 7 |a Electronic books.  |2 local 
700 1 |a Bowles, Ian A. 
700 1 |a Prickett, Glenn T. 
758 |i has work:  |a Footprints in the jungle (Text)  |1 https://id.oclc.org/worldcat/entity/E39PD38BDX3dHbTDFhtC7w4MdP  |4 https://id.oclc.org/worldcat/ontology/hasWork 
776 0 8 |i Print version:  |t Footprints in the jungle.  |d Oxford ; New York : Oxford University Press, 2001  |w (DLC) 99018433 
856 4 0 |u http://proxy.library.tamu.edu/login?url=https://academic.oup.com/book/1764  |z Connect to the full text of this electronic book  |t 0 
936 |a BATCHLOAD 
955 |a Oxford Scholarship Online 
994 |a 92  |b TXA 
999 f f |i ed06ff81-084d-45ed-9740-08830f7e518b  |s 060ad02a-a322-410c-be77-c2e95f5dec60  |t 0 
952 f f |a Texas A&M University  |b College Station  |c Electronic Resources  |s www_evans  |d Available Online  |t 0  |e SD247 .F66 2001eb  |h Library of Congress classification 
998 f f |a SD247 .F66 2001eb  |t 0  |l Available Online